<?xml version="1.0" encoding="UTF-8"?>
<record
    xmlns:xsi="http://www.w3.org/2001/XMLSchema-instance"
    xsi:schemaLocation="http://www.loc.gov/MARC21/slim http://www.loc.gov/standards/marcxml/schema/MARC21slim.xsd"
    xmlns="http://www.loc.gov/MARC21/slim">

  <leader>01588nam a2200265 a 4500</leader>
  <controlfield tag="001">77848</controlfield>
  <controlfield tag="003">BD-RjUL</controlfield>
  <controlfield tag="005">20230813105440.0</controlfield>
  <controlfield tag="008">210128s2011    bg a|||| m||| 00| 0 ben d</controlfield>
  <datafield tag="035" ind1=" " ind2=" ">
    <subfield code="a">(BD-RjUL)78074</subfield>
  </datafield>
  <datafield tag="040" ind1=" " ind2=" ">
    <subfield code="a">BD-RjUL</subfield>
    <subfield code="b">ben /eng</subfield>
    <subfield code="c">BD-RjUL</subfield>
    <subfield code="d">BD-RjUL</subfield>
  </datafield>
  <datafield tag="041" ind1=" " ind2=" ">
    <subfield code="a">ben</subfield>
  </datafield>
  <datafield tag="082" ind1=" " ind2=" ">
    <subfield code="a">738.095492</subfield>
    <subfield code="b">AMB 2011</subfield>
    <subfield code="2">23</subfield>
  </datafield>
  <datafield tag="100" ind1=" " ind2=" ">
    <subfield code="a">&#x986;&#x9AE;&#x9C0;&#x9A8;, &#x9A8;&#x9C2;&#x9B0;&#x9C1;&#x9B2;</subfield>
    <subfield code="9">244034</subfield>
  </datafield>
  <datafield tag="245" ind1="1" ind2="0">
    <subfield code="a">&#x9AC;&#x9BE;&#x982;&#x9B2;&#x9BE;&#x9A6;&#x9C7;&#x9B6;&#x9C7;&#x9B0; &#x9AE;&#x9C3;&#x9CE;&#x9B6;&#x9BF;&#x9B2;&#x9CD;&#x9AA; : &#x990;&#x9A4;&#x9BF;&#x9B9;&#x9CD;&#x9AF; &#x993; &#x986;&#x9A7;&#x9C1;&#x9A8;&#x9BF;&#x995;&#x9A4;&#x9BE; (&#x9E7;&#x9EF;&#x9EC;&#x9E7;-&#x9E8;&#x9E6;&#x9E6;&#x9EC;) </subfield>
    <subfield code="b">= Ceramics of Bangladesh : Tradition and Modernity (1961-2006) /   </subfield>
    <subfield code="c">&#x9A8;&#x9C2;&#x9B0;&#x9C1;&#x9B2; &#x986;&#x9AE;&#x9C0;&#x9A8; ;</subfield>
    <subfield code="6">&#x9A4;&#x9A4;&#x9CD;&#x9A4;&#x9CD;&#x9AC;&#x9BE;&#x9AC;&#x9A7;&#x9BE;&#x9AF;&#x9BC;&#x995; : &#x986;&#x9AC;&#x9C1; &#x9A4;&#x9BE;&#x9B9;&#x9C7;&#x9B0; </subfield>
  </datafield>
  <datafield tag="246" ind1=" " ind2=" ">
    <subfield code="a">Ceramics of Bangladesh:</subfield>
    <subfield code="b">Tradition and Modernity (1961-2006)</subfield>
  </datafield>
  <datafield tag="260" ind1=" " ind2=" ">
    <subfield code="a">&#x9B0;&#x9BE;&#x99C;&#x9B6;&#x9BE;&#x9B9;&#x9C0; :</subfield>
    <subfield code="b">&#x99A;&#x9BE;&#x9B0;&#x9C1;&#x995;&#x9B2;&#x9BE; &#x9AC;&#x9BF;&#x9AD;&#x9BE;&#x997;, &#x9B0;&#x9BE;&#x99C;&#x9B6;&#x9BE;&#x9B9;&#x9C0; &#x9AC;&#x9BF;&#x9B6;&#x9CD;&#x9AC;&#x9AC;&#x9BF;&#x9A6;&#x9CD;&#x9AF;&#x9BE;&#x9B2;&#x9AF;&#x9BC;,</subfield>
    <subfield code="c">&#x9E8;&#x9E6;&#x9E7;&#x9E7;</subfield>
  </datafield>
  <datafield tag="300" ind1=" " ind2=" ">
    <subfield code="a">[&#x9E7;&#x9EF;], &#x9E9;&#x9E9;&#x9EA; &#x9AA;&#x9BE;&#x9A4;&#x9BE; :</subfield>
    <subfield code="b">&#x99A;&#x9BF;&#x98F; ;</subfield>
    <subfield code="c">&#x9E8;&#x9EF; &#x9B8;&#x9C7;&#x9AE;&#x9BF;.</subfield>
  </datafield>
  <datafield tag="502" ind1=" " ind2=" ">
    <subfield code="a">&#x9A5;&#x9BF;&#x9B8;&#x9BF;&#x9B8; (&#x9AA;&#x9BF;&#x98F;&#x987;&#x99A;. &#x9A1;&#x9BF;.) -- &#x99A;&#x9BE;&#x9B0;&#x9C1;&#x995;&#x9B2;&#x9BE; &#x9AC;&#x9BF;&#x9AD;&#x9BE;&#x997;, &#x9B0;&#x9BE;&#x99C;&#x9B6;&#x9BE;&#x9B9;&#x9C0; &#x9AC;&#x9BF;&#x9B6;&#x9CD;&#x9AC;&#x9AC;&#x9BF;&#x9A6;&#x9CD;&#x9AF;&#x9BE;&#x9B2;&#x9AF;&#x9BC;, &#x9E8;&#x9E6;&#x9E7;&#x9E7;</subfield>
  </datafield>
  <datafield tag="504" ind1=" " ind2=" ">
    <subfield code="a">&#x997;&#x9CD;&#x9B0;&#x9A8;&#x9CD;&#x9A5;&#x9AA;&#x99E;&#x9CD;&#x99C;&#x9BF; : &#x9AA;&#x9BE;&#x9A4;&#x9BE; [&#x9E9;&#x9E8;&#x9EF;]-&#x9E9;&#x9E9;&#x9EA;</subfield>
  </datafield>
  <datafield tag="650" ind1=" " ind2=" ">
    <subfield code="a"> &#x9AE;&#x9C3;&#x9CE;&#x9B6;&#x9BF;&#x9B2;&#x9CD;&#x9AA; </subfield>
    <subfield code="x">&#x987;&#x9A4;&#x9BF;&#x9B9;&#x9BE;&#x9B8;</subfield>
    <subfield code="z">&#x9AC;&#x9BE;&#x982;&#x9B2;&#x9BE;&#x9A6;&#x9C7;&#x9B6;</subfield>
    <subfield code="y">&#x9E7;&#x9EF;&#x9EC;&#x9E7;-&#x9E8;&#x9E6;&#x9E6;&#x9EC;</subfield>
    <subfield code="9">118455</subfield>
  </datafield>
  <datafield tag="650" ind1=" " ind2=" ">
    <subfield code="a">Pottery</subfield>
    <subfield code="x">History</subfield>
    <subfield code="z">Bangladesh</subfield>
    <subfield code="y">1961-2006</subfield>
    <subfield code="9">244035</subfield>
  </datafield>
  <datafield tag="700" ind1=" " ind2=" ">
    <subfield code="a">&#x9A4;&#x9BE;&#x9B9;&#x9C7;&#x9B0;, &#x986;&#x9AC;&#x9C1;, &#x9A4;&#x9A4;&#x9CD;&#x9A4;&#x9CD;&#x9AC;&#x9BE;&#x9AC;&#x9A7;&#x9BE;&#x9AF;&#x9BC;&#x995;</subfield>
    <subfield code="9">8313</subfield>
  </datafield>
  <datafield tag="942" ind1=" " ind2=" ">
    <subfield code="2">ddc</subfield>
    <subfield code="c">THE</subfield>
  </datafield>
  <datafield tag="999" ind1=" " ind2=" ">
    <subfield code="c">77848</subfield>
    <subfield code="d">77848</subfield>
  </datafield>
  <datafield tag="952" ind1=" " ind2=" ">
    <subfield code="0">0</subfield>
    <subfield code="1">0</subfield>
    <subfield code="2">ddc</subfield>
    <subfield code="4">0</subfield>
    <subfield code="7">1</subfield>
    <subfield code="8">THESES</subfield>
    <subfield code="a">RUCL</subfield>
    <subfield code="b">RUCL</subfield>
    <subfield code="c">Doc/The</subfield>
    <subfield code="d">2012-03-24</subfield>
    <subfield code="e">Controller of Exam., R.U</subfield>
    <subfield code="l">0</subfield>
    <subfield code="o">BTHE 738.095492 AMB 2011</subfield>
    <subfield code="r">2021-01-28 00:00:00</subfield>
    <subfield code="t">C-1</subfield>
    <subfield code="w">2021-01-28</subfield>
    <subfield code="y">THE</subfield>
  </datafield>
</record>
